En quelle année ce pays a organisé l'Euro ? - Statistiques

Statistiques générales
  • Ce quiz a été pris 53 fois
  • Le résultat moyen est 13 sur 16
Statistiques - réponses
Pays Edition % Correct
France (3ème fois) 2016
98%
Portugal 2004
90%
France (2ème fois) 1984
88%
Autriche / Suisse 2008
88%
Pologne / Ukraine 2012
88%
Europe 2020
88%
Allemagne 1988
85%
Angleterre 1996
85%
Belgique / Pays-Bas 2000
85%
France (1ère fois) 1960
83%
Espagne 1964
81%
Italie (2ème fois) 1980
81%
Italie (1ère fois) 1968
79%
Belgique 1972
77%
Yougoslavie 1976
75%
Suède 1992
75%
Aucun quiz correspondant
Distribution des résultats
% des personnes avec chaque résultat
Percentile par nombre de réponses
Votre historique - résultats
Vous n’avez pas pris ce quiz